[Event "Stay Safe Play From Home 244"]
[Site "Emanuel Lasker Arena"]
[Date "2020.06.22"]
[Round "2"]
[White "Dj amir"]
[Black "Lamborghini"]
[Result "1-0"]
[WhiteElo "2419"]
[BlackElo "2210"]
[Annotator "TA"]
[PlyCount "99"]
[EventDate "2020.06.22"]
[EventType "swiss (blitz)"]

{[%evp 9,99,20,35,20,27,9,64,27,33,30,41,49,52,54,51,40,52,5,-2,-61,-29,-72,-61,-84,-79,-116,-117,-166,-137,-175,-172,-229,-163,-341,-351,-395,-322,-594,-297,-292,-284,-314,-145,-167,-174,-352,-48,-79,-68,-79,-75,-132,-129,-206,-25,-22,-21,-152,-159,-289,-48,-45,0,0,131,0,457,535,522,469,639,395,1135,1129,1354,1093,1293,1297,1179,1151,1062,790,12845,12845,29988,29988,29989,29990,29991,29990,29989,29990]} 1. e4 c5 2. Nc3 d6 3. g3 Nc6 4. Bg2 Bd7 5. d3 Qc8 6. h3 {[#] B24: Closed Sicilian: 3 g3 sidelines.} Rb8 $146 ({Predecessor:} 6... e5 7. f4 g6 8. fxe5 dxe5 9. Be3 b6 10. Qf3 Nd4 11. Qf2 Bg7 12. Nf3 Ne7 {½-½ (30) Bildstein,T (1650)-Krumphals,I Zwettl 2003}) 7. f4 h5 ({Black should play} 7... b5 $11) 8. Nd5 {White is slightly better.} e6 9. Ne3 g6 10. Nf3 Bg7 11. O-O Nge7 12. c3 d5 13. exd5 exd5 14. Kh2 (14. f5 $11) 14... O-O 15. Ng5 d4 16. cxd4 Nxd4 17. Nc4 Qc7 18. Re1 Nef5 19. Bd2 Bc6 $1 20. Ne4 (20. Bxc6 $142 Qxc6 21. Ne4) 20... Rbd8 21. Bc3 $2 (21. Ne5) 21... h4 $19 22. Qg4 hxg3+ 23. Nxg3 $2 (23. Kh1) 23... Nh6 24. Qg5 Bxg2 25. Kxg2 Ndf5 (25... Qc6+ $19 {and Black stays clearly on top.} 26. Ne4 f5 {[%mdl 64] Pin}) 26. Bxg7 Kxg7 27. Nh5+ $2 (27. Ne3 Nxg3 28. Qxg3) 27... Kg8 $2 (27... Kh8 $1 $19 28. Nf6 Rxd3) 28. Ne5 Rd6 $36 {[%mdl 2048] Black is more active.} 29. Nf6+ {[#]} Kg7 $1 30. Ne4 (30. Nh5+ $142 Kh8 31. Ng3) 30... Re6 $17 31. Rad1 (31. Kh2 $17 {was worth a try.}) 31... Qd8 $2 (31... Ne7 $19 {aiming for ...f6.} 32. Qg3 f6) 32. Qxd8 $11 Rxd8 33. Nc4 (33. Nxc5 $11 {keeps the balance.} Re7 34. Ne4) 33... b6 $17 34. Ng3 (34. Kf2 $17) 34... Nxg3 $2 (34... Rxe1 $19 35. Rxe1 Rxd3 36. Nxf5+ Nxf5) 35. Rxe6 $15 Nhf5 36. Ree1 b5 {[#]} (36... Nh5 $11) 37. Ne5 (37. Ne3 $1 $16) 37... c4 $2 {[%mdl 8192]} (37... Nh5 $11) 38. dxc4 $18 Rxd1 39. Rxd1 bxc4 {[%mdl 4096] Endgame KRN-KNN} 40. Re1 Ne4 $2 (40... Nh5 41. Nxc4 Nxf4+ 42. Kh2 Ne6) 41. Rxe4 Nd6 42. Re2 Nb5 43. Nxc4 Nd4 44. Rf2 Nf5 45. Ne3 f6 46. Nxf5+ gxf5 47. Kf3 {White mates.} Kg6 48. Rg2+ Kh5 49. Rg8 a5 50. a4 {Accuracy: White = 33%, Black = 40%.} 1-0

[Event "Stay Safe Play From Home 244"]
[Site "Emanuel Lasker Arena"]
[Date "2020.06.22"]
[Round "2"]
[White "Tolka"]
[Black "Bishop91"]
[Result "1-0"]
[WhiteElo "2221"]
[BlackElo "1774"]
[Annotator "NA"]
[PlyCount "79"]
[EventDate "2020.06.22"]
[EventType "swiss (blitz)"]

1. e4 {[%emt 0:00:01]} e6 {[%emt 0:00:00]} 2. d4 {[%emt 0:00:01]} d5 {[%emt 0:00:00]} 3. e5 {[%emt 0:00:00]} c5 {[%emt 0:00:01]} 4. c3 {[%emt 0:00:00]} Nc6 {[%emt 0:00:00]} 5. Nf3 {[%emt 0:00:01]} Qb6 {[%emt 0:00:00]} 6. a3 {[%emt 0:00:01]} cxd4 {[%emt 0:00:01]} 7. cxd4 {[%emt 0:00:01]} Nge7 {[%emt 0:00:01]} 8. b4 {[%emt 0:00:01]} Nf5 {[%emt 0:00:01]} 9. Bb2 {[%emt 0:00:01]} a6 {[%emt 0:00:01]} 10. Bd3 {[%emt 0:00:01]} Bd7 {[%emt 0:00:00]} 11. Bxf5 {[%emt 0:00:01]} exf5 {[%emt 0:00:01]} 12. Nc3 {[%emt 0:00:00]} Be6 {[%emt 0:00:00]} 13. Na4 {[%emt 0:00:01]} Qc7 {[%emt 0:00:02]} 14. Nc5 {[%emt 0:00:01]} Bxc5 {[%emt 0:00:02]} 15. dxc5 {[%emt 0:00:00]} h6 {[%emt 0:00:02]} 16. O-O {[%emt 0:00:01]} g5 {[%emt 0:00:00]} 17. Nd4 {[%emt 0:00:01]} Ke7 {[%emt 0:00:01]} 18. Re1 {[%emt 0:00:01]} f4 {[%emt 0:00:02]} 19. Qd3 {[%emt 0:00:01]} Rag8 {[%emt 0:00:02]} 20. Nf5+ {[%emt 0:00:01]} Bxf5 {[%emt 0:00:05]} 21. Qxf5 {[%emt 0:00:00]} Qd7 {[%emt 0:00:01]} 22. e6 {[%emt 0:00:01]} fxe6 {[%emt 0:00:02]} 23. Bxh8 {[%emt 0:00:04]} Rxh8 {[%emt 0:00:01]} 24. Qg6 {[%emt 0:00:02]} Rf8 {[%emt 0:00:08]} 25. Qg7+ {[%emt 0:00:01]} Rf7 {[%emt 0:00:01]} 26. Qxh6 {[%emt 0:00:00]} e5 {[%emt 0:00:02]} 27. Qxg5+ {[%emt 0:00:01]} Ke8 {[%emt 0:00:02]} 28. Rad1 {[%emt 0:00:02]} d4 {[%emt 0:00:02]} 29. h4 {[%emt 0:00:02]} Rf5 {[%emt 0:00:01]} 30. Qg8+ {[%emt 0:00:01]} Ke7 {[%emt 0:00:01]} 31. Qh7+ {[%emt 0:00:01]} Rf7 {[%emt 0:00:01]} 32. Qh8 {[%emt 0:00:02]} Rf8 {[%emt 0:00:01]} 33. Rxe5+ {[%emt 0:00:01]} Nxe5 {[%emt 0:00:01]} 34. Qxe5+ {[%emt 0:00:00]} Qe6 {[%emt 0:00:01]} 35. Qxd4 {[%emt 0:00:00]} Rf7 {[%emt 0:00:03]} 36. Qd6+ {[%emt 0:00:01]} Qxd6 {[%emt 0:00:01]} 37. Rxd6 {[%emt 0:00:00]} Rf6 {[%emt 0:00:01]} 38. Rxf6 {[%emt 0:00:01]} Kxf6 {[%emt 0:00:01]} 39. g4 {[%emt 0:00:00]} f3 {[%emt 0:00:02] Bishop91 resigns} 40. Kh2 {[%emt 0:00:01] (Lag: Av=0.29s, max=0.5s)} 1-0

[Event "Stay Safe Play From Home 244"]
[Site "Emanuel Lasker Arena"]
[Date "2020.06.22"]
[Round "2"]
[White "Weltszmerc"]
[Black "Mepe_Nika"]
[Result "0-1"]
[WhiteElo "2199"]
[BlackElo "2353"]
[Annotator "TA"]
[PlyCount "82"]
[EventDate "2020.06.22"]
[EventType "swiss (blitz)"]

{[%evp 9,82,-37,-36,-34,-29,-59,19,13,16,0,10,6,51,44,45,45,74,55,66,14,15,23,17,25,102,-28,57,60,59,62,59,0,0,0,0,0,0,0,0,-19,4,-45,0,-139,-8,-37,48,0,156,-77,-83,-80,-85,-119,-96,-118,-129,-121,-52,-56,-3,-58,-27,-18,-34,-29,-14,-96,-62,-62,-62,-65,-65,-88,-50]} 1. d4 c5 2. c4 cxd4 3. Qxd4 Nf6 {[#]} 4. Qd1 $146 ({Predecessor:} 4. Nf3 g6 5. Nc3 Bg7 6. Bf4 d6 7. Bg3 O-O 8. e3 Qa5 9. Be2 Nh5 10. Qd2 Nxg3 11. hxg3 Bf5 12. Ng5 {0-1 (28) Guillou,P (1157)-Monmaille,E (1400) Europe Chess INT 2020}) 4... g6 5. f3 Bg7 6. e4 {A30: Symmetrical English: Double Fianchetto and Hedgehog.} O-O 7. Be3 a6 (7... e6 $15) 8. Nc3 $11 {The position is equal.} Nc6 9. Qd2 d6 10. Nge2 Be6 11. Nf4 Bd7 12. Be2 Ne5 13. O-O Rb8 14. Ba7 ({White should try} 14. a4 $14) 14... Rc8 15. b3 b5 16. cxb5 axb5 (16... Qa5 $11 {remains equal.}) 17. Bd4 (17. Nxb5 $16 g5 18. Nd5) 17... b4 (17... Nxf3+ $11 18. Bxf3 (18. gxf3 e5 $15 {[%mdl 64] Double Attack}) 18... e5) 18. Ncd5 $14 Nxd5 19. Nxd5 Be6 20. Rac1 ({Avoid the trap} 20. Qxb4 $2 Nc6 $19) (20. f4 $14) 20... Bxd5 $11 21. exd5 Qa5 22. f4 Nd7 23. Bxg7 Kxg7 24. Bc4 Nf6 25. Rfe1 Rc7 26. Re2 (26. a4 $11) 26... Rfc8 (26... Qc5+ $17 27. Kh1 Nxd5 $1 {[%mdl 512]}) 27. Rce1 h5 ({Black should play} 27... Ra8 $15) 28. h3 Re8 $2 {[#]} (28... Rxc4 $11 29. bxc4 Rxc4) 29. Qd4 $2 (29. f5 $1 $16 {[%mdl 512]}) 29... Qa7 $17 30. Qxa7 Rxa7 31. Kh2 Kf8 32. Kg3 Rea8 33. Kf3 Rxa2 ({Better is} 33... h4 $17 34. Ra1 Ra5) 34. Rxe7 $15 Rd2 (34... Rc2 $15) 35. R7e2 (35. Rb7 $11 Raa2 36. Re2) 35... Raa2 36. Rxd2 Rxd2 $11 {KRB-KRN} 37. Re2 Rd1 38. g4 (38. Ra2 $11) 38... hxg4+ 39. hxg4 Nxd5 40. Bxd5 Rxd5 41. Ke4 Rc5 {Accuracy: White = 51%, Black = 44%.} 0-1

[Event "Stay Safe Play From Home 244"]
[Site "Emanuel Lasker Arena"]
[Date "2020.06.22"]
[Round "2"]
[White "Lazieri3"]
[Black "SoulofWolf"]
[Result "1/2-1/2"]
[WhiteElo "2145"]
[BlackElo "2138"]
[Annotator "TA"]
[PlyCount "62"]
[EventDate "2020.06.22"]
[EventType "swiss (blitz)"]

{[%evp 9,62,-5,9,10,8,-72,-36,-47,-49,-44,-49,-97,0,-22,-12,-9,-11,-46,-20,-27,-7,-35,-2,-9,0,-19,-6,-12,-8,-20,7,0,0,0,7,7,1,0,30,15,44,43,44,37,105,45,193,62,139,0,203,0,140,0,203]} 1. e4 e6 2. Nc3 a6 3. d4 b5 4. Nf3 Bb7 5. Bg5 Be7 {[#]} 6. Bxe7 $146 {C01: French: Exchange Variation.} ({Predecessor:} 6. b3 Bxg5 7. g3 b4 8. Ne2 Bxe4 9. Bg2 Be7 10. O-O Nf6 11. h3 O-O 12. Qd2 {0-1 (19) Haubenreisser,N-Carstensen,T (1159) Neumuenster 2001}) 6... Nxe7 7. d5 (7. Bd3 $11 {remains equal.}) 7... O-O (7... b4 $5 {[%cal Rb4c3]} 8. Na4 exd5 $15) 8. dxe6 {Black is slightly better.} dxe6 9. Qxd8 Rxd8 10. Ne5 Nbc6 (10... b4 $17 11. Nd1 Bxe4) 11. Nxc6 Bxc6 12. f3 Ng6 13. Bd3 b4 14. Ne2 a5 15. O-O Bb7 16. a3 c5 17. axb4 cxb4 18. b3 Ne5 19. Rfd1 Nxd3 20. Rxd3 Rxd3 21. cxd3 $11 {[%mdl 4096] Endgame KRB-KRN} f6 22. Kf2 Kf7 23. d4 Ke7 24. Ke3 Kd6 25. Nc1 Bc6 26. Nd3 Bb5 {[#]} ({Better is} 26... g5 $14) 27. Nc5 (27. Nxb4 $1 $16 {[%mdl 512]} a4 (27... axb4 28. Rxa8) 28. bxa4) 27... g5 {[#]} (27... Bc6 $14) 28. Nb7+ (28. Rxa5 $1 $18 Rxa5 29. Nb7+ {[%mdl 64] Double Attack} Kd7 30. Nxa5) 28... Kc7 (28... Kc6 $1 $14 29. Rxa5 Rb8) 29. Nc5 ({Don't take} 29. Nxa5 $6 Ra6 $14) (29. Rxa5 $16 Rxa5 30. Nxa5) 29... Kd6 $18 30. Nb7+ Kc7 $1 {[%cal Rc7b7]} 31. Nc5 ({Don't do} 31. Nxa5 $6 Kd7 $14) (31. Rxa5 $16 Rxa5 32. Nxa5) 31... Kd6 {Accuracy: White = 58%, Black = 43%.} 1/2-1/2

[Event "Stay Safe Play From Home 244"]
[Site "Emanuel Lasker Arena"]
[Date "2020.06.22"]
[Round "2"]
[White "MartinKestler"]
[Black "Klasman"]
[Result "1-0"]
[WhiteElo "1906"]
[BlackElo "1222"]
[Annotator "TA"]
[PlyCount "65"]
[EventDate "2020.06.22"]
[EventType "swiss (blitz)"]

{[%evp 9,65,32,36,44,43,35,41,29,27,27,42,35,37,35,55,36,34,-36,120,-50,-68,-142,-71,-184,-180,-210,-195,-224,-201,-224,-229,-223,-241,-462,-235,-243,-253,-394,-263,-252,-197,-209,-170,-171,-89,-81,-72,-207,-154,-254,-250,-559,-71,-72,895,877,790,-43]} 1. Nf3 f5 2. b3 Nf6 3. Bb2 e6 4. g3 d5 5. Bg2 c5 6. O-O {A04: Unusual lines after 1 Nf3 and King's Indian Attack.} Nc6 7. d4 {[#]} Bd7 $146 ({Predecessor:} 7... cxd4 8. Nxd4 Bc5 9. e3 O-O 10. Nd2 Qe7 11. N2f3 Bd7 12. Qe2 Rac8 13. Rac1 Ne4 14. Nxc6 Bxc6 {1-0 (28) Halkias,S (2540)-Skembris,S (2461) Kalamata 2005}) 8. Nbd2 {White is slightly better.} cxd4 9. Nxd4 Bd6 10. c4 Nxd4 $1 11. Bxd4 e5 12. Bb2 d4 13. Nf3 (13. Bxb7 $14 Rb8 14. Bg2) 13... Rb8 $2 {[#]} (13... Qe7 $1 $15 {keeps the upper hand.}) 14. Nxd4 $2 (14. e3 $16) 14... exd4 $15 15. Bxd4 (15. Qxd4 $15 Qb6 16. Rfd1 Qxd4 17. Bxd4) 15... O-O (15... b6 $142 16. Qd3 O-O) 16. Bb2 (16. Bxa7 $17 {was worth a try.} Ra8 17. Qxd6 Rxa7 18. Rfd1) 16... Bc6 $19 17. Bxc6 bxc6 18. Qd2 Qc7 19. Rfd1 Be5 20. Bxe5 Qxe5 21. Qc2 $2 (21. e3) 21... Ne4 (21... f4 $142 {Threatens to win with ...fxg3.} 22. Qd3 Rbe8 23. gxf4 Qxf4) 22. e3 g5 23. Qd3 (23. Rac1 {was called for.}) 23... Rbe8 24. Qd4 Qxd4 25. Rxd4 Nc5 26. Rad1 {[#]} f4 $1 27. exf4 $17 gxf4 28. Rd6 (28. Rxf4 $17 Rxf4 29. gxf4) 28... fxg3 29. hxg3 (29. fxg3 $17 Ne4 30. R6d4) 29... Ne4 $1 $19 {[%csl LRd6,LRf2][%mdl 64] Double Attack} 30. R6d2 $2 (30. Rxc6 {is tougher.} Rxf2 31. Ra6) 30... Rf3 $2 (30... Nxd2 $19 {has better winning chances.} 31. Rxd2 Rd8) 31. Re2 $17 {Threatening Rde1.} Ng5 $2 {[%mdl 8192]} (31... Kf8 $17) 32. Rxe8+ $18 Kf7 33. Rd7+ $2 {[%mdl 32768] White used his chance. Accuracy: White = 34%, Black = 38%. . Loss on time!?} (33. Rc8 $18) 1-0

[Event "Stay Safe Play From Home 244"]
[Site "Emanuel Lasker Arena"]
[Date "2020.06.22"]
[Round "2"]
[White "Dave_H"]
[Black "Greblha"]
[Result "0-1"]
[WhiteElo "1812"]
[BlackElo "1931"]
[Annotator "TA"]
[PlyCount "50"]
[EventDate "2020.06.22"]
[EventType "swiss (blitz)"]
[WhiteTeam "SK Vellmar"]

{[%evp 14,50,56,70,214,81,74,75,137,143,229,94,88,98,717,193,944,520,555,323,279,-30,118,126,105,52,55,-15,0,-91,-71,-136,-86,-137,0,-115,-118,-144,-123]} 1. e4 c6 2. d4 d5 3. f3 dxe4 4. fxe4 e5 5. Nf3 exd4 6. Bc4 Be6 7. Bxe6 fxe6 8. O-O {Ng5 is the strong threat.} Bc5 {B12: Caro-Kann: Advance Variation.} (8... Nf6 $14) 9. Kh1 (9. Ng5 $18 {is more deadly.} Qe7 10. Na3) 9... Nf6 $16 {[#]} 10. e5 $146 {[%mdl 1024] Strongly threatening Ng5. White has strong compensation.} ({Predecessor:} 10. Ng5 e5 11. c3 Qe7 12. Qb3 h6 13. Ne6 Na6 14. Nd2 d3 15. Nxc5 Nxc5 16. Qd1 {1-0 (37) Frankel,Z-Casilang,A Auckland 1996}) 10... Nd5 ({Black should play} 10... Ne4) 11. Ng5 Qe7 (11... Rf8 $16) 12. Qh5+ (12. Rf7 $18 {and the rest is easy.} Qxf7 13. Nxf7 Kxf7 14. Qf3+ Kg8 15. Qg4) 12... g6 13. Qh3 Kd7 $2 {[%mdl 8192] [#]} ({Not} 13... Nd7 $2 14. Nxe6 Rf8 15. Nxf8 $18) (13... Rf8 $16 14. Rxf8+ Qxf8 15. Qxe6+ Kd8) 14. Nd2 $2 (14. Rf7 Rf8 15. Rxe7+ Bxe7 16. Qxe6+ Kc7 17. Nd2) 14... Ne3 $2 (14... Qxg5 15. Ne4 {[%mdl 64] Double Attack} Qxe5 16. Nxc5+ Kc8) 15. Nde4 Nf5 16. Nf6+ Kc7 17. Ng4 $2 ({Better is} 17. Qb3 $18) 17... h5 (17... h6 $1 $11) 18. Nf6 {And now g4 would win.} Nd7 19. Nge4 (19. Qb3 $16 Nf8 20. Nge4) 19... Bb6 $14 ({But not} 19... Nxe5 $2 20. Bf4 $18) 20. Bf4 (20. Bg5 $14 Qb4 21. a4) 20... Raf8 $36 {[%mdl 2048] Black has good play.} 21. Nd6 (21. a4 $11 Kb8 22. Qb3) 21... Kb8 22. Nc4 (22. Nfe4 $142) 22... Ka8 23. Nxb6+ (23. c3 $142) 23... axb6 (23... Nxb6 $17 24. Qb3 Nd5) 24. Nxd7 (24. c3 $11 {keeps the balance.}) 24... Qxd7 $17 25. Rad1 c5 {Black escapes into a draw. Accuracy: White = 15%, Black = 32%.} 0-1

[Event "Stay Safe Play From Home 244"]
[Site "Emanuel Lasker Arena"]
[Date "2020.06.22"]
[Round "2"]
[White "Justwatch"]
[Black "Grazie"]
[Result "1-0"]
[WhiteElo "1785"]
[BlackElo "1816"]
[Annotator "NA RC"]
[PlyCount "77"]
[EventDate "2020.06.22"]
[EventType "swiss (blitz)"]

1. e4 {[%emt 0:00:02]} e6 {[%emt 0:00:00]} 2. Nf3 {[%emt 0:00:01]} d5 {[%emt 0:00:00]} 3. exd5 {[%emt 0:00:01]} exd5 {[%emt 0:00:00]} 4. d4 {[%emt 0:00:01]} Nf6 {[%emt 0:00:00]} 5. Be3 {[%emt 0:00:01]} Bd6 {[%emt 0:00:00]} 6. Nbd2 {[%emt 0:00:05]} O-O {[%emt 0:00:00]} 7. c4 {[%emt 0:00:00]} dxc4 {[%emt 0:00:01]} 8. Nxc4 {[%emt 0:00:01]} Bg4 {[%emt 0:00:01]} 9. Nxd6 {[%emt 0:00:00]} Qxd6 {[%emt 0:00:01]} 10. Be2 {[%emt 0:00:00]} Re8 {[%emt 0:00:01]} 11. h3 {[%emt 0:00:00]} Bxf3 {[%emt 0:00:03]} 12. O-O {[%emt 0:00:00]} c6 {[%emt 0:00:00]} 13. Bxf3 {[%emt 0:00:01]} Nbd7 {[%emt 0:00:00]} 14. Qb3 {[%emt 0:00:01]} Rab8 {[%emt 0:00:02]} 15. Rac1 {[%emt 0:00:04]} Nb6 {[%emt 0:00:04]} 16. Rfe1 {[%emt 0:00:02]} h6 {[%emt 0:00:02]} 17. Rc5 {[%emt 0:00:02]} Nbd5 {[%emt 0:00:04]} 18. Bxd5 {[%emt 0:00:02]} Nxd5 {[%emt 0:00:01]} 19. Qd3 {[%emt 0:00:02]} Rbd8 {[%emt 0:00:02]} 20. Qf5 {[%emt 0:00:01]} Nxe3 {[%emt 0:00:04]} 21. fxe3 {[%emt 0:00:01]} b6 {[%emt 0:00:02]} 22. Rc2 {[%emt 0:00:01]} Qe6 {[%emt 0:00:03]} 23. Qf4 {[%emt 0:00:01]} Qe4 {[%emt 0:00:03]} 24. Qxe4 {[%emt 0:00:01]} Rxe4 {[%emt 0:00:01]} 25. Kf2 {[%emt 0:00:00]} f5 {[%emt 0:00:02]} 26. Rxc6 {[%emt 0:00:01]} f4 {[%emt 0:00:03]} 27. Kf3 {[%emt 0:00:01]} Rde8 {[%emt 0:00:03]} 28. Rc3 {[%emt 0:00:02]} g5 {[%emt 0:00:02]} 29. d5 {[%emt 0:00:02]} R4e5 {[%emt 0:00:04]} 30. Rd3 {[%emt 0:00:02]} fxe3 {[%emt 0:00:03]} 31. Rexe3 {[%emt 0:00:01]} Rf8+ {[%emt 0:00:01]} 32. Ke2 {[%emt 0:00:01]} Rff5 {[%emt 0:00:03]} 33. d6 {[%emt 0:00:01]} Rxe3+ {[%emt 0:00:02]} 34. Rxe3 {[%emt 0:00:01]} Rd5 {[%emt 0:00:01]} 35. Re6 {[%emt 0:00:00]} Kg7 {[%emt 0:00:02]} 36. Re7+ {[%emt 0:00:02]} Kf6 {[%emt 0:00:01]} 37. Rxa7 {[%emt 0:00:02]} Rxd6 {[%emt 0:00:01]} 38. Rh7 {[%emt 0:00:01]} Kg6 {[%emt 0:00:00]} 39. Rh8 {[%emt 0:00:01] Zeit (Lag: Av=0.41s, max=0.9s)} 1-0

[Event "Stay Safe Play From Home 244"]
[Site "Emanuel Lasker Arena"]
[Date "2020.06.22"]
[Round "2"]
[White "Trotsky"]
[Black "Haxhi Baha"]
[Result "0-1"]
[WhiteElo "1558"]
[BlackElo "2028"]
[Annotator "TA"]
[PlyCount "50"]
[EventDate "2020.06.22"]
[EventType "swiss (blitz)"]

{[%evp 11,50,-2,2,-13,-4,-17,10,-58,-56,-121,-129,-163,-151,-172,-172,-204,-175,-205,-174,-200,-140,-221,-189,-199,-155,-221,-177,-656,-636,-675,-668,-1197,-1142,-1096,-1070,-3249,-1885,-29971,-5620,-2885,-2705]} 1. d4 d5 2. e3 e6 3. c4 c5 4. Nc3 cxd4 5. exd4 Nc6 6. Be3 Nf6 7. a3 {B13: Caro-Kann: Exchange Variation and Panov-Botvinnik Attack.} Be7 8. c5 b6 {[#]} 9. Bd3 $146 ({White should try} 9. cxb6 $11 axb6 10. Nf3) ({Predecessor:} 9. b4 bxc5 10. bxc5 O-O 11. Nf3 Re8 12. Bd3 h6 13. O-O Bf8 14. Bb5 Bd7 15. Bxc6 Bxc6 {0-1 (91) Trnovec,M (1990)-Pappenheim,R (1996) Munich 2003}) 9... bxc5 $15 10. Nf3 (10. dxc5 $15 e5 11. Bb5) 10... c4 $17 11. Be2 Rb8 12. Qc2 Na5 13. h4 Nb3 14. Rb1 h6 15. Bd1 Qa5 16. Bd2 (16. Ne5 $17 {was called for.}) 16... Nxd2 17. Qxd2 Bd7 18. Bc2 (18. Ne5 $17) 18... O-O 19. Bd3 $2 (19. Ne5) 19... cxd3 $19 20. Qxd3 Ne4 {[#] White must now prevent ...Nxc3.} 21. Ng5 Bxg5 22. hxg5 Nxc3 23. Kf1 Nxb1 24. Qxb1 Bb5+ 25. Kg1 Qd2 {White got outplayed after the opening. Accuracy: White = 22%, Black = 59%.} 0-1

[Event "Stay Safe Play From Home 244"]
[Site "Emanuel Lasker Arena"]
[Date "2020.06.22"]
[Round "2"]
[White "Germanicus G"]
[Black "Bardellosport"]
[Result "0-1"]
[WhiteElo "1276"]
[BlackElo "2022"]
[Annotator "TA"]
[PlyCount "48"]
[EventDate "2020.06.22"]
[EventType "swiss (blitz)"]

{[%evp 9,48,15,31,26,8,12,19,27,44,0,0,0,23,-7,117,107,139,91,89,81,92,76,120,113,123,108,97,22,15,20,153,137,143,125,153,143,197,143,170,133,139]} 1. g3 Nc6 2. Bg2 d5 3. d4 Nf6 4. e3 g6 5. Nf3 Bg7 6. O-O {A00: Irregular Openings.} O-O 7. c4 e6 8. Nc3 {[#] The position is equal.} Qe7 $146 ({Predecessor:} 8... a5 9. Ne5 Ne7 10. b3 b6 11. Ba3 Bb7 12. Rc1 Re8 13. Nb5 Ba6 14. Re1 Nf5 15. Bf1 Nd6 {0-1 (60) Hertneck,G (2495)-Halvax,G (2403) Vienna 2019}) 9. cxd5 exd5 10. b3 Be6 11. Nb5 a6 (11... Rfe8 $11) 12. Ba3 $16 Nb4 13. Nxc7 {[%mdl 64] [#] Deflection} Qxc7 14. Bxb4 Rfc8 15. Qd2 Qc2 16. Qxc2 Rxc2 17. Rfc1 Rac8 18. Bc5 (18. Rxc2 $16 Rxc2 19. Ne1) 18... Rxc1+ $1 $11 19. Rxc1 b5 (19... Bf8 $11) 20. b4 Ne4 21. Ne1 Nd2 22. Nd3 {White is clearly better.} Nc4 (22... g5 $16 23. Be7 Rxc1+ 24. Nxc1 f6) 23. Bf3 ({White should try} 23. a3 $18) 23... Bf8 24. Bxf8 Kxf8 {[%mdl 32768] Accuracy: White = 63%, Black = 42%. . Sensor Board Error (Ke4/e5)?} 0-1

[Event "Stay Safe Play From Home 244"]
[Site "Emanuel Lasker Arena"]
[Date "2020.06.22"]
[Round "3"]
[White "Mepe_Nika"]
[Black "Justwatch"]
[Result "1-0"]
[WhiteElo "2363"]
[BlackElo "1804"]
[Annotator "TA"]
[PlyCount "89"]
[EventDate "2020.06.22"]
[EventType "swiss (blitz)"]

{[%evp 12,88,19,0,25,9,69,63,93,66,200,200,193,180,184,171,191,180,185,181,241,241,250,227,312,242,374,369,358,365,357,347,485,489,502,502,481,470,507,510,507,508,496,487,509,482,641,652,661,653,803,610,29988,29989,29989,944,29984,1054,1466,1227,12837,12835,12838,12838,1469,1385,1986,2525,12844,12843,29988,29989,29991,29992,29994,29995,29998,29999,29999]} 1. d4 Nf6 2. Bf4 g6 3. e3 Bg7 4. h3 O-O 5. Nf3 d6 6. Be2 Nc6 7. O-O Bd7 {A48: 1 d4 Nf6 2 Nf3 g6: Torre, London and Colle Systems.} 8. c4 {[#]} Qc8 $146 ({Better is} 8... Ne4 $11) ({Predecessor:} 8... Nh5 9. Bh2 f5 10. Nc3 e6 11. Rc1 Qe7 12. Nb5 a6 13. Nxc7 Rac8 14. Nxe6 Bxe6 {1-0 (32) Munoz,J (2104)-Valle,E (2191) Palmira 2017}) 9. Nc3 $14 a6 {White is slightly better.} 10. Re1 Bxh3 (10... Ne8 $14) 11. gxh3 $18 Qxh3 12. Bf1 Qf5 13. Bg2 e5 14. dxe5 dxe5 15. Bh2 e4 (15... Rae8 $142 16. Qe2 h5) 16. Nd4 (16. Bxc7 exf3 17. Qxf3 Qxf3 $14) 16... Nxd4 17. exd4 Rae8 18. Qc2 Qg5 (18... Ng4 $142 19. Bg3 (19. Rxe4 Nxh2 20. Kxh2 Bxd4 $16) (19. Bxe4 Qg5 $16) (19. Bxc7 Bxd4 20. Re2 Be5 $18) 19... Bxd4 20. Nxe4 (20. Bxe4 Qg5 $16) 20... Be5) 19. Nxe4 Nxe4 20. Rxe4 Rxe4 21. Qxe4 Rd8 22. Rd1 Qh5 23. Bf3 Qg5+ 24. Bg3 Bf6 25. Qf4 Qxf4 26. Bxf4 c6 27. d5 cxd5 28. Rxd5 Rc8 29. b3 Kg7 30. Rd7 b5 31. Bd5 bxc4 32. Rxf7+ Kh8 33. bxc4 (33. Rxf6 $142 h5 34. bxc4 Re8 35. Re6 Rf8 36. Be5+ Kh7 37. Re7+ Kh6 38. Bg7+ {[%mdl 64] Double Attack} Kg5 39. Bxf8) 33... Bd4 34. Be3 (34. Bh6 $142 Rg8 {[#]} 35. c5 $1 {[%mdl 512]} Bxc5 36. Rd7 Bf8 37. Rd8 $1 {[%mdl 512]} g5 38. Bxf8 Rxf8 39. Rxf8+ Kg7 40. Ra8) 34... Be5 35. c5 h5 36. c6 a5 37. Re7 Bf6 38. Re6 Bg7 39. Rxg6 Kh7 40. Be4 Kg8 41. Bd4 {White mates.} Kf8 42. Rxg7 Re8 43. c7 Re6 44. c8=Q+ {[%mdl 64] Double Attack} Re8 45. Qf5# {Black got outplayed after the opening. Accuracy: White = 73%, Black = 26%.} 1-0